| Tag |
First Indicator |
Second Indicator |
Subfields |
| LEADER |
00000cam a2200000Ka 4500 |
| 001 |
in00002784973 |
| 006 |
m o d |
| 007 |
cr cnu---unuuu |
| 008 |
120806s2013 gw ob 001 0 eng d |
| 005 |
20250816204419.1 |
| 020 |
|
|
|a 9783642305238 (electronic bk.)
|
| 020 |
|
|
|a 3642305237 (electronic bk.)
|
| 020 |
|
|
|z 9783642305221
|
| 035 |
|
|
|a (OCoLC)ocn804847497
|
| 035 |
|
|
|a (OCoLC)804847497
|
| 040 |
|
|
|a GW5XE
|c GW5XE
|d COO
|d E7B
|d YDXCP
|d CDX
|d OCLCQ
|d TXA
|d UtOrBLW
|
| 049 |
|
|
|a TXAM
|
| 050 |
|
4 |
|a QC861.3
|b .E44 2013eb
|
| 082 |
0 |
4 |
|a 551.5
|2 23
|
| 100 |
1 |
|
|a Emeis, Stefan.
|
| 245 |
1 |
0 |
|a Wind energy meteorology :
|b atmospheric physics for wind power generation /
|c Stefan Emeis.
|
| 264 |
|
1 |
|a Berlin ;
|a New York :
|b Springer,
|c [2013]
|
| 264 |
|
4 |
|c ©2013
|
| 300 |
|
|
|a 1 online resource.
|
| 336 |
|
|
|a text
|b txt
|2 rdacontent
|
| 337 |
|
|
|a computer
|b c
|2 rdamedia
|
| 338 |
|
|
|a online resource
|b cr
|2 rdacarrier
|
| 490 |
1 |
|
|a Green energy and technology,
|x 1865-3529
|
| 504 |
|
|
|a Includes bibliographical references and index.
|
| 500 |
|
|
|a Electronic resource.
|
| 650 |
|
0 |
|a Atmospheric physics.
|
| 650 |
|
0 |
|a Engineering meteorology.
|
| 650 |
|
0 |
|a Wind power.
|
| 653 |
|
4 |
|a Physics.
|
| 653 |
|
4 |
|a Meteorology.
|
| 653 |
|
4 |
|a Renewable energy sources.
|
| 653 |
|
4 |
|a Physical geography.
|
| 653 |
|
4 |
|a Geophysics and Environmental Physics.
|
| 653 |
|
4 |
|a Renewable and Green Energy.
|
| 653 |
|
4 |
|a Meteorology/Climatology.
|
| 653 |
|
4 |
|a Environmental Physics.
|
| 653 |
|
4 |
|a Energy Efficiency (incl. Buildings).
|
| 655 |
|
4 |
|a Electronic books.
|
| 710 |
2 |
|
|a Ebook Library.
|
| 830 |
|
0 |
|a Green energy and technology.
|
| 856 |
4 |
0 |
|u https://ebookcentral.proquest.com/lib/tamucs/detail.action?docID=994384
|y Connect to the full text of this electronic book
|t 0
|
| 948 |
|
|
|a cataloged
|b h
|c 2012/12/6
|d c
|e agaffey
|f 9:42:56 am
|
| 994 |
|
|
|a C0
|b TXA
|
| 999 |
f |
f |
|s 1d13311a-aa6d-3ae7-810b-f41fd08ec7d4
|i 71997974-9d76-314c-91f4-079c02331185
|t 0
|
| 999 |
|
|
|a MARS
|
| 952 |
f |
f |
|a Texas A&M University
|b College Station
|c Electronic Resources
|d Available Online
|t 0
|e QC861.3 .E44 2013eb
|h Library of Congress classification
|
| 998 |
f |
f |
|a QC861.3 .E44 2013eb
|t 0
|l Available Online
|